| 000 | 00497nam a2200169 4500 | ||
|---|---|---|---|
| 999 |
_c169172 _d169172 |
||
| 005 | 20191107142716.0 | ||
| 010 | _aENG-126851 | ||
| 020 |
_a9789353220693 _c600.00 |
||
| 035 | _aEN-110383 | ||
| 037 | _bDBAD/PUB | ||
| 082 | _a954 | ||
| 245 |
_aTowards new India / _ced. by Sunil Vashisht |
||
| 260 |
_aNew Delhi _bPrabhat Prakashan _c2018 |
||
| 270 |
_a4/19 Asaf Ali Road, _bNew Delhi _e110002 _mprabhatbooks@gmail.com |
||
| 300 |
_a310p _c23cm(Hb) |
||
| 942 |
_2ddc _cEN _h954 _mNEW |
||